[Event "Jurmala"]
[Site "Jurmala"]
[Date "1983.??.??"]
[Round "4"]
[White "Klovans, Janis"]
[Black "Dizdar, Goran"]
[Result "1-0"]
[WhiteElo "2450"]
[BlackElo "2455"]

1.e4 e6 2.d4 d5 3.Nc3 Bb4 4.e5 b6 5.a3 Bf8 6.Nf3 Ne7 7.b4 c5 8.Bg5 a6 9.Ne2 h6
10.Bd2 Bd7 11.c3 Bb5 12.Nf4 Bxf1 13.Kxf1 Nd7 14.g3 Nf5 15.h4 h5 16.Kg2 cxb4
17.axb4 Be7 18.Qc2 g6 19.c4 Qc8 20.Rhc1 dxc4 21.Qxc4 Qxc4 22.Rxc4 O-O 23.Rc7 Rfd8
24.Rb7 b5 25.d5 exd5 26.Nxd5 Kf8 27.e6 fxe6 28.Nxe7 Nxe7 29.Ng5 Ke8 30.Nxe6 Rdb8
31.Rxb8+ Rxb8 32.Rxa6 Nd5 33.Rd6 N7b6 34.Nf4 Nxf4+ 35.Bxf4 Kf7 36.Rxg6  1-0

[Event "Jurmala"]
[Site "Jurmala"]
[Date "1983.??.??"]
[Round "6"]
[White "Lanka, Zigurds"]
[Black "Dizdar, Goran"]
[Result "1/2-1/2"]
[WhiteElo "2345"]
[BlackElo "2455"]

1.e4 e6 2.d4 d5 3.Nc3 Bb4 4.e5 b6 5.Qg4 Bf8 6.Bg5 Qd7 7.f4 Ba6 8.Bxa6 Nxa6
9.O-O-O c6 10.Qe2 Nc7 11.g4 h5 12.gxh5 f6 13.Bh4 Qf7 14.exf6 gxf6 15.f5 O-O-O
16.fxe6 Nxe6  1/2-1/2

[Event "URS-ch sf"]
[Site "Minsk"]
[Date "1983.??.??"]
[Round "?"]
[White "Klovans, Janis"]
[Black "Bronstein, David I"]
[Result "1/2-1/2"]
[WhiteElo "2450"]
[BlackElo "2490"]

1.e4 e6 2.d4 d5 3.Nc3 Bb4 4.e5 Ne7 5.a3 Bxc3+ 6.bxc3 c5 7.Nf3 Nbc6 8.Be2 Qa5
9.Bd2 Qa4 10.dxc5 Ng6 11.c4 dxc4 12.h4 h6 13.h5 Nge7 14.Rh4 b5 15.cxb6 Ba6
16.bxa7 Rxa7 17.Qc1 Nd5 18.Rg4 f5 19.exf6 Nxf6 20.Rh4 O-O 21.Kf1 e5 22.Be3 Rd7
23.Kg1 e4 24.Nd2 Re8 25.c3 Kh8 26.Rb1 Rde7 27.Qf1 Na5 28.Rb6 Re6 29.Rxe6 Rxe6
30.Qb1 Qxa3 31.Nxe4 Qb3 32.Qa1 Nxe4 33.Qxa5 Qxc3 34.Qxc3 Nxc3 35.Bxc4 Bxc4
36.Rxc4 Nd5 37.Bd2 Re2 38.Rd4 Nf6 39.g4 Nxg4  1/2-1/2

[Event "URS-ch sf"]
[Site "Minsk"]
[Date "1983.??.??"]
[Round "?"]
[White "Balashov, Yuri S"]
[Black "Eingorn, Vereslav S"]
[Result "1/2-1/2"]
[WhiteElo "2540"]
[BlackElo "2450"]

1.e4 e6 2.d4 d5 3.Nc3 Bb4 4.e5 Ne7 5.a3 Bxc3+ 6.bxc3 c5 7.Qg4 Kf8 8.Nf3 Qa5
9.Bd2 Qa4 10.Ra2 b6 11.Bd3 Ba6 12.O-O Bxd3 13.cxd3 c4 14.Ng5 h6 15.Qh5 g6
16.Qh4 Nd7 17.dxc4 Qxc4 18.Rb2 Nf5 19.Qh3 Kg7 20.Nf3 Qd3 21.Rd1 Qa6 22.Ra1 Qd3
23.Rd1 Qa6 24.Ra1 Qd3  1/2-1/2

[Event "Marshall CC-ch"]
[Site "New York"]
[Date "1983.??.??"]
[Round "4"]
[White "McKelvie, N."]
[Black "Abrams, L."]
[Result "1-0"]
[WhiteElo "2370"]
[BlackElo "2020"]

1.e4 e6 2.d4 d5 3.Nc3 Bb4 4.e5 b6 5.Qg4 Bf8 6.h4 h5 7.Qg3 Nh6 8.Bg5 Qd7 9.Nf3 Nf5
10.Qf4 Ba6 11.Bxa6 Nxa6 12.a3 c5 13.O-O Nc7 14.Ne2 Qb5 15.Qd2 Qd7 16.Rfd1 Be7
17.dxc5 Bxc5 18.c4 Be7 19.cxd5 Nxd5 20.Nc3 Rd8 21.Nxd5 Qxd5 22.Qc2 Qc5 23.Rxd8+ Bxd8
24.Qxc5 bxc5 25.Bxd8 Kxd8 26.Rc1 Kc7 27.Rxc5+ Kb6 28.Rc4 Rd8 29.Kf1 Rd7 30.Ke2 Kb5
31.b3 a5 32.g3 Kb6 33.Rc3 Rd5 34.Rc8 Kb7 35.Rf8 Nh6 36.Rh8 Rb5 37.b4 axb4
38.axb4 Rxb4 39.Rh7 Rg4 40.Ng5 Kc6 41.Rxg7 Kd5 42.Rh7 Nf5 43.Nxf7 Nd4+ 44.Kf1 Nf3
45.Rxh5 Rg7 46.Ng5 Nh2+ 47.Kg2 Ng4 48.Nh3 Re7 49.Rg5 Nh6 50.g4 Ke4 51.Rg6 Nf7
52.Rg7 Ra7 53.Rxf7 Ra2 54.h5 Kxe5 55.h6 Ra4 56.h7 Ra8 57.g5  1-0

[Event "ARG-ch U26"]
[Site "Pehuaj"]
[Date "1983.??.??"]
[Round "?"]
[White "Mahia, Gustavo"]
[Black "Tempone, Marcelo"]
[Result "1/2-1/2"]
[WhiteElo "2245"]
[BlackElo "2330"]

1.e4 e6 2.d4 d5 3.Nc3 Bb4 4.e5 Qd7 5.Nh3 b6 6.Nf4 Ba6 7.Bxa6 Nxa6 8.O-O c6
9.Qg4 Bf8 10.Nh5 g6 11.Ng3 Nc7 12.Nd1 h5 13.Qf3 Be7 14.Re1 Nh6 15.Bxh6 Rxh6
16.Ne3 Rh7 17.Rac1 b5 18.c3 Kf8 19.h3 Kg7 20.Nef1 Rhh8 21.Nh2 Raf8 22.Qe3 Na8
23.Ngf1 Nb6 24.b3 Rc8 25.Qf4 Qd8 26.Nf3 c5 27.g4 hxg4 28.hxg4 Qd7  1/2-1/2

[Event "EU-chT Plovdiv"]
[Site "Plovdiv"]
[Date "1983.??.??"]
[Round "2"]
[White "Short, Nigel D"]
[Black "Farago, Ivan"]
[Result "1-0"]
[WhiteElo "2510"]
[BlackElo "2505"]

1.e4 e6 2.d4 d5 3.Nc3 Bb4 4.e5 Ne7 5.a3 Bxc3+ 6.bxc3 c5 7.Nf3 Bd7 8.Bd3 Qa5
9.Bd2 c4 10.Be2 Nbc6 11.O-O O-O-O 12.Re1 h6 13.Bf1 Rdg8 14.g3 g5 15.h3 Nf5
16.Nh2 Nb8 17.Bg2 Ba4 18.Ra2 Nd7 19.Qe2 Qb6 20.Ng4 Rg6 21.Qf1 Qa5 22.Rd1 h5
23.Nh2 f6 24.exf6 Rxf6 25.Qe2 Rg6 26.Nf3 Rhg8 27.Nxg5 Rxg5 28.Bxg5 Rxg5 29.Qxe6 Ng7
30.Qh6 Qd8 31.h4 Rg4 32.Bxd5 Qxh4 33.Rb2 Nb6 34.Rxb6 axb6 35.Qxb6 Qe7 36.Rb1 Qc7
37.Bxb7+ Kd8 38.Qf6+ Qe7 39.Qa6 Bxc2 40.Qa8+ Kc7 41.Qc8+  1-0

[Event "Prague"]
[Site "Prague"]
[Date "1983.??.??"]
[Round "3"]
[White "Abramovic, Bosko"]
[Black "Ambroz, Jan"]
[Result "1/2-1/2"]
[WhiteElo "2475"]
[BlackElo "2420"]

1.e4 e6 2.d4 d5 3.Nc3 Bb4 4.e5 b6 5.Nf3 c5 6.Bb5+ Bd7 7.Bxd7+ Qxd7 8.dxc5 Bxc5
9.Ne2 Nc6 10.O-O Nge7 11.Nf4 Ng6 12.Nd3 O-O 13.Qe2 f6 14.exf6 Rxf6 15.c4 Raf8
16.cxd5 exd5 17.Be3 d4 18.Bd2 Qd5 19.Ng5 h6 20.Ne4 Re6 21.Rfe1 Bd6 22.b3 Rfe8
23.f3 Qh5 24.h3 Rf8 25.Qf1 Bb8 26.Ng3 Qd5 27.Rxe6 Qxe6 28.Qe2 Qd7 29.Qe4 Nce5
30.Nf1 Nxd3 31.Qxd3 Nh4 32.Qe4 Nf5 33.Rc1 Re8 34.Qc6 Qxc6 35.Rxc6 Kf7 36.g4 Ne3
37.Rc1 Nd5 38.Kf2 Re7 39.Rc4 Bd6 40.Ng3 b5 41.Rc6 Bxg3+  1/2-1/2

[Event "Sochi"]
[Site "Sochi"]
[Date "1983.??.??"]
[Round "?"]
[White "Makarichev, Sergey"]
[Black "Gruenberg, Hans Ulrich"]
[Result "1/2-1/2"]
[WhiteElo "2510"]
[BlackElo "2465"]

1.e4 e6 2.d4 d5 3.Nc3 Bb4 4.e5 Ne7 5.a3 Bxc3+ 6.bxc3 c5 7.h4 Qc7 8.Nf3 Nbc6
9.h5 h6 10.Bd3 Bd7 11.O-O c4 12.Be2 f6 13.Bf4 O-O-O 14.exf6 Qxf4 15.fxe7 Rde8
16.g3 Qf6 17.Nh4 Nxe7 18.Bg4 g6 19.Qf3 Ref8 20.Rae1 gxh5 21.Qxf6 Rxf6 22.Bxh5 Rg8
23.Kh2 Kc7 24.Re5 Nc8 25.Ng2 Nd6 26.Nf4 Ne4 27.Re1 Nxc3 28.f3 Kd6 29.Bg4 Re8
30.Nh5 Rg6 31.Nf4 Rf6 32.Nh5 Rg6 33.Nf4  1/2-1/2

[Event "Sochi"]
[Site "Sochi"]
[Date "1983.??.??"]
[Round "?"]
[White "Tseshkovsky, Vitaly"]
[Black "Vaisser, Anatoli"]
[Result "1/2-1/2"]
[WhiteElo "2525"]
[BlackElo "2515"]

1.e4 e6 2.d4 d5 3.Nc3 Bb4 4.e5 Ne7 5.a3 Bxc3+ 6.bxc3 c5 7.h4 Qc7 8.Nf3 b6
9.h5 h6 10.Bd3 Ba6 11.O-O Bxd3 12.cxd3 c4 13.a4 cxd3 14.Qxd3 Nbc6 15.Ba3 Na5
16.Nd2 Rc8 17.Rac1 Qd7 18.f4 Nc4 19.Bxe7 Nxd2 20.Qxd2 Qxe7 21.a5 b5 22.a6 O-O
23.Qb2 Rb8 24.Ra1 Rb6 25.f5 exf5 26.Rxf5 Qd7 27.Rf3 Qc6 28.Qb4 Rxa6 29.Rxa6 Qxa6
30.Qc5 Qb7 31.e6 a5 32.Rf5 b4 33.cxb4 axb4 34.e7 Re8 35.Rxd5 Qxe7 36.Qxe7 Rxe7
37.Rb5 Rd7 38.d5 b3 39.Kf2 b2 40.Rb8+ Kh7 41.Rxb2 Rxd5 42.Rb7 Rf5+ 43.Kg3 f6
44.Kh4 Rf4+ 45.Kh3 f5 46.g3 Rf1 47.Kg2  1/2-1/2

[Event "BCF-ch"]
[Site "Southport"]
[Date "1983.??.??"]
[Round "2"]
[White "Smith, Alan A"]
[Black "Johansen, Darryl K"]
[Result "0-1"]
[WhiteElo "2275"]
[BlackElo "2485"]

1.e4 e6 2.d4 d5 3.Nc3 Bb4 4.e5 b6 5.Qg4 Bf8 6.a4 a5 7.Nf3 Qd7 8.Bd2 Ne7 9.Bd3 Ba6
10.Bxa6 Nxa6 11.O-O c6 12.Nd1 c5 13.c4 cxd4 14.Nxd4 Ng6 15.cxd5 Qxd5 16.Nc3 Qb7
17.Nf3 Be7 18.h4 h5 19.Qg3 Nc5 20.Bg5 O-O 21.Bxe7 Qxe7 22.Ng5 Nxe5 23.Qxe5 f6
24.Qe3 fxg5 25.hxg5 Rf5 26.f4 Raf8 27.Ne2 e5 28.g3 Qf7 29.Rf2 h4 30.gxh4 Qh5
31.Qh3 exf4 32.Rf3 Qe8 33.Qg2 Nd3 34.Raf1 Qe4 35.Kh1 Ne5 36.Nc3 Qc4  0-1

[Event "BCF-ch"]
[Site "Southport"]
[Date "1983.??.??"]
[Round "9"]
[White "Hebden, Mark"]
[Black "Botterill, George Steven"]
[Result "0-1"]
[WhiteElo "2495"]
[BlackElo "2410"]

1.e4 e6 2.d4 d5 3.Nc3 Bb4 4.e5 Ne7 5.Bd2 Bxc3 6.Bxc3 b6 7.Qg4 O-O 8.h4 Ba6
9.Ne2 c5 10.h5 h6 11.Bd2 Kh7 12.O-O-O Nbc6 13.dxc5 bxc5 14.Qa4 Qb6 15.f4 Rab8
16.Qa3 Bc4 17.g4 a5 18.Nc3 Bxf1 19.Rhxf1 Qb4 20.Na4 Qxa3 21.bxa3 Nd4 22.Rf2 Nb5
23.Rf3 Nc6 24.Nxc5 Ncd4 25.Rf2 Rfc8 26.Be3 Nc3 27.Rxd4 Rxc5 28.Rb4 axb4 29.Bxc5 bxa3  0-1

[Event "Tatran Cup"]
[Site "Stary Smokovec"]
[Date "1983.??.??"]
[Round "6"]
[White "Lanc, Alois"]
[Black "Banas, Jan"]
[Result "1-0"]
[WhiteElo "2410"]
[BlackElo "2330"]

1.e4 e6 2.d4 d5 3.Nc3 Bb4 4.e5 b6 5.a3 Bf8 6.f4 Qd7 7.Nf3 Ne7 8.Be3 Nf5 9.Bf2 h5
10.Nh4 Nxh4 11.Bxh4 Nc6 12.Bb5 a6 13.Be2 Bb7 14.Bf2 g6 15.Qd3 Na5 16.b3 Be7
17.O-O h4 18.Na4 O-O-O 19.Qd2 Nc6 20.Nb2 h3 21.g3 Rdg8 22.Be3 f5 23.b4 Nd8
24.a4 Nf7 25.Nd3 g5 26.Rfb1 gxf4 27.Bxf4 Ng5 28.Bxg5 Bxg5 29.Nf4 Qe7 30.Kf2 Kb8
31.Ra3 Qd7 32.Rba1 Ka7 33.Rf3 Rc8 34.Qc3 Bxf4 35.gxf4 Rh4 36.a5 b5 37.Rg1 Qh7
38.Ke3 Kb8 39.Rfg3 Qh6 40.Rg5 Rd8 41.Qe1 Bc8 42.Qg3 Rh8 43.c3 Qf8 44.Rg6 R4h6
45.Rxh6 Qxh6 46.Qg7 Qxg7 47.Rxg7 Bb7 48.Kf2 Kc8 49.Bf1 Kd8 50.Kg3 Bc8 51.Bxh3 Bd7
52.Bf1 Be8 53.Be2 Rh6 54.Kg2 Rh4 55.Bf3 Bd7 56.Rg3 Ke7 57.Rg7+ Kd8 58.Rg5 Ke7
59.Kg3 Rh7 60.Bh5 Be8 61.Bxe8 Kxe8 62.h4 Kf7 63.h5 Rh8 64.Kh4 Rh6 65.Rg3 Rh8
66.Rg6 c5 67.bxc5 b4 68.cxb4 Rb8 69.Kg5 Rxb4 70.h6 Rb1 71.Rg7+ Kf8 72.Ra7  1-0

[Event "Tuzla"]
[Site "Tuzla"]
[Date "1983.??.??"]
[Round "6"]
[White "Hazai, Laszlo"]
[Black "Dizdar, Goran"]
[Result "1/2-1/2"]
[WhiteElo "2475"]
[BlackElo "2450"]

1.e4 e6 2.d4 d5 3.Nc3 Bb4 4.e5 b6 5.Qg4 Bf8 6.Bg5 Qd7 7.Nf3 h6 8.Bh4 Ba6
9.Bxa6 Nxa6 10.O-O c6 11.Nd1 Nc7 12.Ne3 Rh7 13.c4 Ne7 14.Bxe7 Bxe7 15.Rac1 O-O-O
16.Rc2 Kb8 17.Rfc1 Rc8 18.h4 a6 19.a3 g5 20.h5 Rhh8 21.b4 dxc4 22.Rxc4 Nd5
23.Qe4  1/2-1/2

[Event "URS-ch sf"]
[Site "Volgodonsk"]
[Date "1983.??.??"]
[Round "?"]
[White "Dolmatov, Sergey"]
[Black "Gulko, Boris F"]
[Result "1-0"]
[WhiteElo "2550"]
[BlackElo "2490"]

1.e4 e6 2.d4 d5 3.Nc3 Bb4 4.e5 b6 5.a3 Bf8 6.f4 Nh6 7.Be3 c5 8.Nf3 Nc6 9.Qd2 Be7
10.h3 cxd4 11.Nxd4 Bh4+ 12.Bf2 Nxd4 13.Qxd4 Nf5 14.Qd2 Ng3 15.Bb5+ Bd7 16.Bxd7+ Qxd7
17.O-O-O O-O 18.Bxg3 Bxg3 19.h4 f6 20.Rh3 fxe5 21.Rxg3 Rxf4 22.Qe2 Qc7 23.Nb5 Qf7
24.Qxe5 Rxh4 25.Re1 Re4 26.Rxe4 dxe4 27.b3  1-0

[Event "URS-ch sf"]
[Site "Volgodonsk"]
[Date "1983.??.??"]
[Round "?"]
[White "Petrushin, Alexander I"]
[Black "Vaisser, Anatoli"]
[Result "1/2-1/2"]
[WhiteElo "2415"]
[BlackElo "2485"]

1.e4 e6 2.d4 d5 3.Nc3 Bb4 4.e5 Ne7 5.a3 Bxc3+ 6.bxc3 b6 7.Qg4 Ng6 8.h4 h5
9.Qg3 Ba6 10.Bxa6 Nxa6 11.Qd3 Nb8 12.Bg5 Qd7 13.Ne2 Nc6 14.Ng3 Nge7 15.Qf3 g6
16.O-O O-O-O 17.a4 Rh7 18.a5 Nxa5 19.Rxa5 bxa5 20.Qd3 Re8 21.Qa6+ Kd8 22.Rb1 Qa4
23.Rb7 Qc4 24.Qxc4 dxc4 25.Ne4 Kc8 26.Rxa7 Kb8 27.Rxa5 Rhh8 28.Nf6 Rd8 29.Rb5+ Ka7
30.Rc5 Kb6 31.Ne4 Rd7 32.Nf6 Rdd8 33.Ne4 Rde8 34.Nd2 Nc6 35.Nxc4+ Kb7 36.Bf6 Rhg8
37.Rb5+ Ka6 38.Rb3 Rb8 39.Ra3+ Kb7 40.Kh2  1/2-1/2

[Event "Aarhus-A"]
[Site "Aarhus"]
[Date "1984.??.??"]
[Round "1"]
[White "Sorensen, Torben"]
[Black "Rasmussen, Karsten"]
[Result "1/2-1/2"]
[WhiteElo "2200"]
[BlackElo "2200"]

1.e4 e6 2.d4 d5 3.Nc3 Bb4 4.e5 Ne7 5.a3 Bxc3+ 6.bxc3 b6 7.Qg4 Kf8 8.Nf3 Ba6
9.Bxa6 Nxa6 10.Nh4 Rc8 11.O-O Qd7 12.a4 Kg8 13.Qe2  1/2-1/2

[Event "FRG-ch"]
[Site "Bad Neuenahr"]
[Date "1984.??.??"]
[Round "?"]
[White "Schlick, Volker"]
[Black "Bischoff, Klaus"]
[Result "1/2-1/2"]
[WhiteElo "2270"]
[BlackElo "2395"]

1.e4 e6 2.d4 d5 3.Nc3 Bb4 4.e5 b6 5.Nh3 Qd7 6.Nf4 Ba6 7.Bxa6 Nxa6 8.O-O Bf8
9.a4 Nb4 10.a5 b5 11.a6 Rb8 12.Nce2 c5 13.dxc5 Bxc5 14.c3 Nc6 15.Nd4 Nxd4
16.cxd4 Bb6 17.Be3 g6 18.Nd3 Ne7 19.Nc5 Bxc5 20.dxc5 Nc6 21.Bg5 h5 22.Ra3 b4
23.Rh3 Rf8 24.Bf6 Rb5 25.Qc1 Qc8 26.Qh6 Qxa6 27.Bg7 Ra5 28.Re3 Ra1  1/2-1/2

[Event "URS-ch sf"]
[Site "Barnaul"]
[Date "1984.??.??"]
[Round "?"]
[White "Meister, Yakov"]
[Black "Vaisser, Anatoli"]
[Result "1/2-1/2"]
[WhiteElo "2200"]
[BlackElo "2475"]

1.e4 e6 2.d4 d5 3.Nc3 Bb4 4.e5 Ne7 5.Qg4 c5 6.dxc5 Nbc6 7.Bd2 Ng6 8.Nf3 O-O
9.O-O-O Bxc5 10.Qh5 Bd7 11.Bd3 Nb4 12.Be3 Rc8 13.Bxc5 Rxc5 14.Ng5 h6 15.Nxf7 Nxd3+
16.Rxd3 Rxf7 17.Qxg6 Rxf2 18.Rf3 Rxf3 19.gxf3 Qf8 20.Rg1 Kh8 21.Rg4 Be8 22.Qxe6 Bh5
23.Rg3 Bxf3 24.Qd6 Qf4+ 25.Kb1 Rc6 26.Qe7 Bg4 27.a3 d4 28.Qxb7 Rg6 29.Qa8+ Kh7
30.Qe4 Qf1+ 31.Ka2 Be6+ 32.b3 Bf5 33.Qxd4 Qc1 34.Qd1 Qxd1 35.Nxd1 Bxc2 36.Ne3 Be4
37.Rxg6 Kxg6 38.Kb2 Kf7 39.Kc3 Ke6 40.Kd4 Bf3  1/2-1/2

[Event "Bayamo"]
[Site "Bayamo"]
[Date "1984.??.??"]
[Round "?"]
[White "Diaz, Joaquin C"]
[Black "Lebredo, Gerardo"]
[Result "0-1"]
[WhiteElo "2405"]
[BlackElo "2375"]

1.e4 e6 2.d4 d5 3.Nc3 Bb4 4.e5 b6 5.Bb5+ c6 6.Bd3 Ba6 7.Bxa6 Nxa6 8.Qd3 Nb8
9.h4 Ne7 10.Nh3 c5 11.a3 Bxc3+ 12.bxc3 cxd4 13.cxd4 Nbc6 14.Ng5 h6 15.Nf3 Na5
16.O-O Qc7 17.Bd2 Nc4 18.Bb4 Rc8 19.Rfc1 a5 20.Be1 O-O 21.Nd2 f6 22.Nxc4 dxc4
23.Qh3 f5 24.a4 Rb8 25.c3 b5 26.axb5 Rxb5 27.Qf3 Nd5 28.Ra4 Rfb8 29.Qe2 Nf4
30.Qf3 Nd3 31.Rca1 Rb1 32.Rxb1 Rxb1 33.Qa8+ Kh7 34.Qe8 Rxe1+ 35.Kh2 Nxe5
36.g3 Qb7  0-1

[Event "Belgrade"]
[Site "Belgrade"]
[Date "1984.??.??"]
[Round "?"]
[White "Abramovic, Bosko"]
[Black "Farago, Ivan"]
[Result "1-0"]
[WhiteElo "2495"]
[BlackElo "2525"]

1.e4 e6 2.d4 d5 3.Nc3 Bb4 4.e5 Ne7 5.a3 Bxc3+ 6.bxc3 c5 7.Nf3 Qa5 8.Qd2 Nbc6
9.a4 Bd7 10.Be2 f6 11.Ba3 cxd4 12.cxd4 Qxd2+ 13.Kxd2 Nf5 14.Rhb1 b6 15.c3 Na5
16.Bb4 Nc4+ 17.Ke1 Kf7 18.Nd2 fxe5 19.Bxc4 dxc4 20.Nxc4 exd4 21.Ne5+ Ke8
22.a5 bxa5 23.Rxa5 a6 24.g4 Nh4 25.Ba3 dxc3 26.Rxa6 Rd8 27.Rb7 Ng6 28.Nxd7 Rxd7
29.Ra8+ Rd8 30.Raa7 c2 31.Rc7 h5 32.g5 h4 33.Rxc2 Nf4 34.Rcc7 Nd5 35.Rxg7  1-0

[Event "Berlin op"]
[Site "Berlin-West"]
[Date "1984.??.??"]
[Round "5"]
[White "Gikas, Basilius"]
[Black "Iskov, Gert"]
[Result "0-1"]
[WhiteElo "2200"]
[BlackElo "2360"]

1.e4 e6 2.d4 d5 3.Nc3 Bb4 4.e5 b6 5.Qg4 Bf8 6.a4 Qd7 7.f4 Nc6 8.Qd1 h5 9.Nf3 Nh6
10.Nb5 Nf5 11.c3 Bb7 12.Bd3 Na5 13.b4 Nc4 14.Qe2 a6 15.Na3 Qxa4 16.Ra2 Qc6
17.Ng5 Nxa3 18.Rxa3 Bxb4  0-1

[Event "DDR-ch 33th"]
[Site "Eilenburg"]
[Date "1984.??.??"]
[Round "13"]
[White "Goldberg, Alexander"]
[Black "Casper, Thomas"]
[Result "1-0"]
[WhiteElo "2320"]
[BlackElo "2430"]

1.e4 e6 2.d4 d5 3.Nc3 Bb4 4.e5 Ne7 5.a3 Bxc3+ 6.bxc3 c5 7.a4 Qc7 8.Nf3 b6
9.Bb5+ Bd7 10.Be2 Nbc6 11.O-O h6 12.Qd2 O-O 13.Ba3 Na5 14.dxc5 bxc5 15.Qe3 Rac8
16.Ba6 Nc4 17.Qd3 Bxa4 18.Bxc8 Rxc8 19.Rfb1 Qd7 20.Nd2 Nxe5 21.Qe3 Ng4 22.Qg3 Nf6
23.Rb8 Nf5 24.Qe5 Qc6 25.Rxc8+ Qxc8 26.g4 Nh4 27.g5 hxg5 28.Qxg5 Nf5 29.Bxc5 Qxc5
30.Rxa4 a5 31.c4 Ne4 32.Nxe4 dxe4 33.Qd8+ Kh7 34.Rxa5 Qxc4 35.Qd1 g6 36.Ra7 e5
37.Qf1 Qd5 38.c4 Qe6 39.Qh3+ Kg7 40.Ra8 Kf6 41.Qh8+ Kg5 42.Qd8+ Kh5 43.Qd1+ Kg5
44.Qd2+ e3 45.fxe3 Qxc4 46.e4+ Kf6 47.exf5 Qg4+ 48.Kf2 Qh4+ 49.Kf1 Qc4+ 50.Qe2 Qc1+
51.Kf2 Qf4+ 52.Qf3 Qd2+ 53.Kg3 Qg5+ 54.Qg4 Qe3+ 55.Kg2 Qd2+ 56.Kh3 Qd3+ 57.Kh4 Qd2
58.Ra6+ Kg7 59.Rxg6+ fxg6 60.Qxg6+ Kh8 61.Qh5+  1-0

[Event "Bundesliga 8384"]
[Site "Germany"]
[Date "1984.??.??"]
[Round "?"]
[White "Schlick, Volker"]
[Black "Mack, Peter"]
[Result "1-0"]
[WhiteElo "2270"]
[BlackElo "2280"]

1.e4 e6 2.d4 d5 3.Nc3 Bb4 4.e5 Qd7 5.Nh3 f5 6.Nf4 Qf7 7.h4 b6 8.Bd2 Nc6 9.Nb5 Bxd2+
10.Qxd2 a6 11.Na3 Qd7 12.Rh3 Bb7 13.O-O-O O-O-O 14.Rg3 Qf7 15.c3 Nge7 16.Nc2 Kb8
17.Be2 Rhg8 18.Nh3 Nc8 19.h5 Rh8 20.Ne1 Rd7 21.Nd3 Nd8 22.Nb4 Ka7 23.Qc2 b5
24.Nd3 Nb6 25.b3 c6 26.Kb2 Bc8 27.Nc5 Rc7 28.Nf4 Nb7 29.b4 Nxc5 30.bxc5 Nd7
31.Qb3 Rb7 32.Qb4 Nf8 33.Qa5 Qc7 34.Qxc7 Rxc7 35.a4 Rg8 36.Nh3 g6 37.h6 Nd7
38.Ra1 Kb8 39.Ng5 Nf8 40.Ka3 Re7 41.f4 Nd7 42.Rd3 Rd8 43.Rd2 Nf8 44.Kb4 Rdd7
45.Ka5 Ra7 46.Rb1 Bd7 47.Rdb2 Be8 48.Kb4 Reb7 49.Kb3 Kc7 50.Kc2 Kc8 51.Ra2 Re7
52.Kd2 Reb7 53.Kc2 Kb8 54.Nf3 Kc8 55.Ne1 Kc7 56.Nd3 Kb8 57.Nb4 Ka8 58.Rba1 Rf7
59.Kd2 Rfb7 60.Ke3 Bd7 61.Kf3 a5 62.Nd3 bxa4 63.Nc1 Bc8 64.Ke3 Kb8 65.Bd1 Kc7
66.Bxa4 Rb8 67.Bc2 Rab7 68.Nd3 Ra7 69.Rxa5 Rxa5 70.Rxa5 Nd7 71.Nb4 Bb7 72.Bb3 Rg8
73.c4 g5 74.cxd5 gxf4+ 75.Kf2 exd5 76.Bc2 Rg5 77.Nd3 Rg4 78.Ne1 Rg5 79.Ra3 Nf8
80.Rh3 Bc8 81.Nf3 Kd8  1-0

[Event "Bundesliga 8384"]
[Site "Germany"]
[Date "1984.??.??"]
[Round "?"]
[White "Schlick, Volker"]
[Black "Backwinkel, Paul"]
[Result "1-0"]
[WhiteElo "2270"]
[BlackElo "2330"]

1.e4 e6 2.d4 d5 3.Nc3 Bb4 4.e5 Ne7 5.a3 Bxc3+ 6.bxc3 c5 7.a4 Nbc6 8.Bb5 Qa5
9.Bd2 Bd7 10.Ne2 c4 11.Qc1 f6 12.Rb1 Qc7 13.Bxc6 Nxc6 14.f4 O-O 15.Qa3 Be8
16.O-O Bg6 17.Rb5 Bxc2 18.Ng3 Bd3 19.Rf2 a6 20.Rb2 f5 21.Qc5 Rfc8 22.Rb6 Qf7
23.Qa3 Rc7 24.Bc1 h5 25.Ra2 h4 26.Nh1 h3 27.Ng3 hxg2 28.Rxg2 Be4 29.Nxe4 fxe4
30.Rg5 Ne7 31.Qd6 Nc8 32.Qd8+ Kh7 33.Rxe6 Nb6 34.Qd6 Nxa4 35.f5 Nxc3 36.Reg6 Ne2+
37.Kh1 Nxc1 38.e6 Qe7 39.Qg3 Qxg5 40.Qxg5 Nd3 41.f6  1-0

[Event "Graz"]
[Site "Graz"]
[Date "1984.??.??"]
[Round "?"]
[White "Sax, Gyula"]
[Black "Herzog, Adolf"]
[Result "1-0"]
[WhiteElo "2565"]
[BlackElo "2455"]

1.e4 e6 2.d4 d5 3.Nc3 Bb4 4.e5 Ne7 5.a3 Bxc3+ 6.bxc3 b6 7.Qg4 Nf5 8.Bd3 h5
9.Qh3 c5 10.Nf3 c4 11.Be2 Kd7 12.Ng5 Qe8 13.Qf3 Nc6 14.a4 Kc7 15.Qf4 Kb7
16.O-O f6 17.exf6 gxf6 18.Nf3 Rg8 19.Nh4 Nxh4 20.Qxh4 Qg6 21.Bf3 Bd7 22.Ra2 Rh8
23.Ba3 Rag8 24.Bd6 Qf7 25.Qf4 Rg5 26.Rb1 Rf5 27.Qe3 e5 28.a5 e4 29.axb6 a5
30.Be2 Qe6 31.Bf4 Ra8 32.h3 Ne7 33.g4 hxg4 34.Bxg4 a4 35.Bh2 Rg5 36.Kh1 Rxg4
37.hxg4 Qxg4 38.Rg1 Qh4 39.Rg7 Re8 40.Qf4 Qxf4 41.Bxf4 Kxb6 42.Bd6 Rh8+ 43.Kg1 Rg8
44.Rxg8 Nxg8 45.Kg2 Nh6 46.Rb2+ Bb5 47.Bc5+ Kc6 48.Rb1 Ng4 49.Kg3 f5 50.Rh1 Kc7
51.Be7 Bd7 52.Bg5 Kd6 53.Rh7 Ke6 54.Be7 Be8 55.Ba3 Bc6 56.Kf4 Kf6 57.Ra7 Be8
58.Ra6+ Kg7 59.Kxf5 Nxf2 60.Ra7+ Kg8 61.Bc1 Nd1 62.Kf6 Bh5 63.Bf4 e3 64.Ra8+ Kh7
65.Be5  1-0

[Event "Helsinki"]
[Site "Helsinki"]
[Date "1984.??.??"]
[Round "?"]
[White "Pribyl, Josef"]
[Black "Helmers, Knut J"]
[Result "1/2-1/2"]
[WhiteElo "2455"]
[BlackElo "2455"]

1.d4 e6 2.e4 d5 3.Nc3 Bb4 4.e5 Ne7 5.a3 Bxc3+ 6.bxc3 c5 7.Nf3 Bd7 8.a4 Qa5
9.Bd2 Nbc6 10.Be2 f6 11.c4 Qc7 12.cxd5 Nxd5 13.c4 Nde7 14.exf6 gxf6 15.dxc5 e5
16.Bc3 O-O-O 17.Qd6 Nf5 18.Qxc7+ Kxc7 19.O-O Nfd4 20.Nxd4 Nxd4 21.Bd1 Kc6
22.Rb1 Rhg8 23.f4 Bf5 24.Rb2 Bd3 25.Re1 e4 26.Kf2 f5 27.a5 Bxc4 28.Rb4 Kxc5
29.Rxb7 Nb5 30.Bg7 Rd2+ 31.Be2 Kc6 32.a6 Nc7 33.Be5 Nxa6 34.Rxh7 Nc5 35.Rc7+ Kd5
36.g3 Bxe2 37.Rxe2 Nd3+ 38.Ke3 Rxe2+ 39.Kxe2 Nxe5 40.fxe5 Rb8 41.Rxa7 Rb2+
42.Ke3  1/2-1/2

[Event "Jajce (Women)"]
[Site "Jajce"]
[Date "1984.??.??"]
[Round "?"]
[White "Nikolin, Zorica"]
[Black "Macek, Vlasta"]
[Result "1/2-1/2"]
[WhiteElo "2125"]
[BlackElo "2085"]

1.e4 e6 2.d4 d5 3.Nc3 Bb4 4.e5 b6 5.Qg4 Bf8 6.f4 h5 7.Qh3 g6 8.Bd3 Ne7 9.Nf3 Ba6
10.Bxa6 Nxa6 11.Bd2 Bg7 12.g3 Nb4 13.Rc1 Nf5 14.a3 Nc6 15.Ne2 Nce7 16.Qg2 Qd7
17.b3 c5 18.O-O Rc8 19.Qf2 cxd4 20.Nexd4 Bf8 21.Bb4  1/2-1/2

[Event "Kragujevac"]
[Site "Kragujevac"]
[Date "1984.??.??"]
[Round "1"]
[White "Tringov, Georgi P"]
[Black "Portisch, Ferenc"]
[Result "1/2-1/2"]
[WhiteElo "2435"]
[BlackElo "2445"]

1.e4 e6 2.d4 d5 3.Nc3 Bb4 4.e5 Ne7 5.Bd2 b6 6.Qg4 Nf5 7.Bd3 h5 8.Qf4 Qh4
9.Qxh4 Nxh4 10.g3 Nf5 11.Nge2 c6  1/2-1/2

[Event "BKL-Turnier"]
[Site "Leipzig"]
[Date "1984.??.??"]
[Round "3"]
[White "Hennings, Artur"]
[Black "Paehtz, Thomas Sr"]
[Result "0-1"]
[WhiteElo "2415"]
[BlackElo "2370"]

1.e4 e6 2.d4 d5 3.Nc3 Bb4 4.e5 Ne7 5.a3 Bxc3+ 6.bxc3 c5 7.Nf3 Bd7 8.dxc5 Qc7
9.Bd3 Nbc6 10.Qe2 Ng6 11.Rb1 Ncxe5 12.Nxe5 Nxe5 13.Bf4 Nxd3+  0-1

[Event "Lloyds Bank op"]
[Site "London"]
[Date "1984.??.??"]
[Round "6"]
[White "Hebden, Mark"]
[Black "Pein, Malcolm"]
[Result "1-0"]
[WhiteElo "2480"]
[BlackElo "2280"]

1.e4 e6 2.d4 d5 3.Nc3 Bb4 4.e5 b6 5.Qg4 Bf8 6.Nf3 Ne7 7.Bg5 Ba6 8.Bxa6 Nxa6
9.O-O Qd7 10.Bxe7 Qxe7 11.Ne2 g6 12.Nf4 h5 13.Qg3 Bh6 14.a4 Nb4 15.c3 Nc6
16.b4 Qd7 17.Ne1 a5 18.b5 Ne7 19.Ned3 Nf5 20.Qf3 O-O-O 21.g3 Rdg8 22.Qe2 Qd8
23.Ng2 Bf8 24.Ne3 g5 25.Nxf5 exf5 26.Qf3 Qd7 27.c4 Bh6 28.cxd5 g4 29.e6 Qxb5
30.Qxf5 fxe6 31.Qxe6+ Qd7 32.Ne5 Qxe6 33.dxe6 Rh7 34.Rad1 Bf8 35.Rfe1 h4
36.Re4 hxg3 37.fxg3 Bd6 38.Nxg4 Rg5 39.Rde1 Kd8 40.Ne5 Rhh5 41.h4 Rg7 42.Kg2 Bxe5
43.Rxe5 Rxe5 44.Rxe5 Rg4 45.h5 Rxd4 46.h6 Ke7 47.h7 Rd8 48.Rd5 Rh8 49.Rd7+ Kxe6
50.Rxc7 Kd6 51.Ra7  1-0

[Event "Naleczow"]
[Site "Naleczow"]
[Date "1984.??.??"]
[Round "?"]
[White "Nicevski, Risto"]
[Black "Bany, Jerzy"]
[Result "0-1"]
[WhiteElo "2390"]
[BlackElo "2460"]

1.e4 e6 2.d4 d5 3.Nc3 Bb4 4.e5 Ne7 5.a3 Bxc3+ 6.bxc3 b6 7.Qg4 Ng6 8.h4 h5
9.Qd1 Ba6 10.Bxa6 Nxa6 11.Bg5 Qd7 12.Ne2 Ne7 13.Nf4 g6 14.Bf6 Rg8 15.Qd3 Qa4
16.O-O c5 17.Rfe1 Rc8 18.Bxe7 Kxe7 19.Rac1 Nb8 20.Qf3 Rgf8 21.Nxd5+ exd5
22.Qf6+ Kd7 23.e6+ fxe6 24.Qg7+ Kd6 25.dxc5+ Kxc5 26.Qe7+ Kb5 27.Rxe6 Rce8
28.Qd6 Rxe6 29.Qxe6 Qe4 30.Qd6 Qf5 31.f3 Qc8 32.Qxg6 Qxc3 33.Rb1+ Ka6 34.Qxh5 Qd4+
35.Kf1 Rh8 36.Qg4 Qxg4 37.fxg4 Rxh4 38.Rd1 Rh1+ 39.Ke2 Rxd1 40.Kxd1 Nd7 41.Kd2 Ne5
42.g5 Kb5 43.Ke3 Ng6 44.Kd4 Kc6 45.c4 dxc4 46.Kxc4 b5+ 47.Kd4 a5 48.Ke4 b4  0-1

[Event "Plovdiv"]
[Site "Plovdiv"]
[Date "1984.??.??"]
[Round "9"]
[White "Hazai, Laszlo"]
[Black "Rivas Pastor, Manuel"]
[Result "1/2-1/2"]
[WhiteElo "2460"]
[BlackElo "2500"]

1.e4 e6 2.d4 d5 3.Nc3 Bb4 4.e5 b6 5.Qg4 Bf8 6.Bg5 Qd7 7.Nh3 Nc6 8.Bb5 Bb7
9.O-O h6 10.Be3 Nge7 11.Ne2 O-O-O 12.Ng3 a6 13.Ba4 Nf5 14.c3 Kb8 15.Qd1 Be7
16.Nf4 g6 17.b4 h5 18.Nxf5 gxf5 19.Nxh5 Rdg8 20.Nf4  1/2-1/2

[Event "Smederevska Palanka"]
[Site "Smederevska Palanka"]
[Date "1984.??.??"]
[Round "?"]
[White "Martinovic, Slobodan"]
[Black "Barlov, Dragan"]
[Result "1/2-1/2"]
[WhiteElo "2460"]
[BlackElo "2410"]

1.e4 e6 2.d4 d5 3.Nc3 Bb4 4.e5 Qd7 5.Bd2 b6 6.a3 Bxc3 7.Bxc3 Ba6 8.Bxa6 Nxa6
9.Qg4 f5 10.Qh5+ Qf7 11.Qxf7+ Kxf7 12.Ne2 Ne7  1/2-1/2